000 00358nam a2200157Ia 4500
003 LK-CoDNM
008 010623t xxu||||| |||| 00| 1 eng d
040 _aLK-CoDNM
_dLK-CoDNM
_eLK-CoDNM
041 _aeng
080 _a294.3 ADI
100 _aAdikaram,E.W.
245 _aDhammapada.
260 _bGunasena
_aColombo
300 _b198p., 14 cm
942 _cBK
999 _c134184
_d134184